书目信息 |
| 题名: |
中国哲学通史
|
|
| 作者: | 郭齐勇 主编 ;吴根友 著 | |
| 分册: | ||
| 出版信息: | 南京 江苏人民出版社 2021.07 |
|
| 页数: | 583页 | |
| 开本: | 20cm | |
| 丛书名: | ||
| 单 册: | ||
| 中图分类: | B2 | |
| 科图分类: | ||
| 主题词: | 哲学--中国 | |
| 电子资源: | ||
| ISBN: | 978-7-214-25500-6 | |
| 000 | 00737nam0 2200241 450 | |
| 001 | 2460289203 | |
| 005 | 20241212170646.70 | |
| 010 | @a978-7-214-25500-6@dCNY138.00 | |
| 100 | @a20241212d2021 km y0chiy0120 ea | |
| 101 | 0 | @achi |
| 102 | @aCN@b320000 | |
| 200 | 1 | @a中国哲学通史@AZhong Guo Zhe Xue Tong Shi@e清代卷@f郭齐勇主编;吴根友著@FGuo Qi Yong Zhu Bian;Wu Gen You Zhu |
| 210 | @a南京@c江苏人民出版社@d2021.07 | |
| 215 | @a583页@d20cm | |
| 300 | @a学术版 | |
| 510 | 1 | @a= A history of Chinese philosophy |
| 517 | 1 | @a清代卷@AQing Dai Juan |
| 606 | 0 | @a哲学@x中国 |
| 690 | @aB2@v4 | |
| 701 | 0 | @a郭齐勇@AGuo Qi Yong@4主编 |
| 702 | 0 | @a吴根友@AWu Gen You@4著 |
| 801 | 0 | @aCN@b河南城建学院图书馆@c20241212 |
| 905 | @dB2@eG8283 | |
| 中国哲学通史:清代卷/郭齐勇主编;吴根友著.-南京:江苏人民出版社,2021.07 |
| 583页;20cm |
| 学术版 |
| ISBN 978-7-214-25500-6:CNY138.00 |
| ● |
| 相关链接 |
|
|
|
正题名:中国哲学通史
索取号:B2/G8283
 
预约/预借
| 序号 | 登录号 | 条形码 | 馆藏地/架位号 | 状态 | 备注 |
| 1 | 1554379 | 215543794 | 马克思主义学院资料室/ [索取号:B2/G8283] | 在馆 |